000 01072nam a2200277 a 4500
001 BRCA_1287
005 20190320203349.0
008 220508s1976----caua######---#000-0#eng-#
041 _acau
044 _aeng
050 4 _aN6538
_b.C78 1976
245 1 0 _aThe Cross & the Sword = La cruz y la espada
_cedited by Jean Stern ; articles by Carl S. Dentzel ... [et al.].
260 _aSan Diego, California
_bFine Arts Society of San Diego
_c1976
300 _a1 v. (en varias paginaciones)
_bil.
_c28 cm.
500 _aIncluye glosario, resumen iconográfico de Cristo y de María y Santos
500 _aCatálogo de la exposición realizada en la Fine Arts Gallery (San Diego, California), 3 abril - 16 mayo, 1976
504 _aBibliografía: p. 42-43
546 _aTexto en inglés y español
650 1 4 _aArte hispano
_vExposiciones
_94222
650 1 4 _aArte popular
_vExposiciones
_94223
700 1 _aStern, Jean
_94224
700 1 _aDentzel, Carl S.
_94225
710 2 _aFine Arts Gallery of San Diego
_94226
740 0 _aLa cruz y la espada
942 _2lcc
_cB
999 _c1156
_d1156